| 000 | 00478nam a22001697a 4500 | ||
|---|---|---|---|
| 003 | NUST - PNEC | ||
| 005 | 20170116180832.0 | ||
| 008 | 150801b xxu||||| |||| 00| 0 eng d | ||
| 020 | _a8178086131 | ||
| 040 | _cLIBRARY | ||
| 082 | _a519.02462 WAL | ||
| 100 |
_94694 _aWalpole, Ronald E |
||
| 245 |
_a Probability and statistics for engineers and scientists _cRonald E.Walpole |
||
| 250 | _a7th ed | ||
| 650 |
_94695 _aEngineering--Statistical methods _xMIS |
||
| 942 |
_2ddc _cBK |
||
| 999 |
_c64058 _d64058 |
||